000 00316nam a22001337a 4500
008 170419b xxu||||| |||| 00| 0 eng d
020 _a9780805382921
041 _aeng
080 _28 ED
_a579
100 _a11
101 _aSHM
245 _aLABORATORY EXPERIMENTSIN MICROBIOLOGY
_cJOHNSONT.R
942 _2udc
_cBK
999 _c11086
_d11086